000 00417nam a2200193Ia 4500
008 240510s9999 xx 000 0 und d
020 _a0000850124514
041 _aEng
082 _a004.21
082 _bW27
100 _aWEST, Brian C.
245 0 _aSystems Controls
260 _bManchester : NCC
260 _c1984
300 _a110 p.
650 _asystems analysis
942 _2ddc
942 _cLBK
999 _c26121
_d26121
945 _a1
_bMadushi Gamage
_c1
_dMadushi Gamage